00590nam a22002177a 450000500170000001000130001702000210003003500130005103700160006404000120008008200170009210000150010924500570012425000180018126000420019927000370024130000250027850000220030365000150032565000320034020170124105938.0 aA-852406 c65.00a817014275 aA-852406 bCen Lib/Ret aDPLbEN a330.9542GAR aGarg, V.K. aIndian economics problems for CAIIB /cby V.K. Garg a16th rev. ed. aNew DelhibPrerier book companyc1983 bNew Delhia23, Daryaganje110002 avii,367p. c20cm(Hb) aIncludes appendix aEconomics  aEconomics problems zIndia